Cómo enseñar a leer
Guardat en:
| Autor principal: | |
|---|---|
| Format: | Llibre |
| Idioma: | espanyol |
| Publicat: |
Barcelona
Paidós
1999
|
| Col·lecció: | Colección Temas de Educación, 51
|
| Matèries: | |
| Etiquetes: |
Afegir etiqueta
Sense etiquetes, Sigues el primer a etiquetar aquest registre!
|
MARC
| LEADER | 00000nam a2200000 a 4500 | ||
|---|---|---|---|
| 001 | UCO2983 | ||
| 003 | CL-VaPUC | ||
| 008 | 000610e19990000SP |||||||||||||||||spa|d | ||
| 020 | |a 8449307732 | ||
| 082 | 0 | 4 | |a 372.4 |b PRE |2 21 |
| 100 | 0 | |a Pressley, Michael |e author |9 446778 | |
| 245 | 1 | 0 | |a Cómo enseñar a leer |
| 300 | |a 317 p | ||
| 942 | |c BK | ||
| 945 | |d 20000610 00:00:00 |a rbrito | ||
| 260 | |a Barcelona |b Paidós |c 1999 | ||
| 650 | 0 | |a Enseñanza de la lectura |9 308364 | |
| 650 | 0 | |a Lectura |9 307634 | |
| 650 | 0 | |a Ejercicios de lectura |9 324248 | |
| 650 | 0 | |a Educación básica |9 224933 | |
| 650 | 0 | |a Alfabetización |9 310435 | |
| 583 | |a last modification |c 20000610 00:00:00 |k Rodrigo Vera | ||
| 490 | 0 | |a Colección Temas de Educación, 51 | |
| 999 | |c 289469 |d 289467 | ||
| 952 | |0 0 |1 0 |4 0 |6 372_400000000000000_PRE_1999 |7 0 |8 A |9 337888 |a BIBEDU |b BIBEDU |c ES_NOD |d 2019-11-20 |i 3622894 |l 1 |o 372.4 PRE 1999 |p 3622894 |r 2023-10-17 |s 2023-10-10 |w 2019-11-20 |y BK |k EPE | ||
| 952 | |0 0 |1 0 |4 0 |6 372_400000000000000_PRE_1999 |7 0 |8 A |9 337889 |a BIBEDU |b BIBEDU |c ES_NOD |d 2019-11-20 |i 3664902 |l 1 |o 372.4 PRE 1999 |p 3664902 |r 2023-10-17 |s 2023-10-10 |w 2019-11-20 |y BK |k BME | ||
| 952 | |0 0 |1 0 |4 0 |6 372_400000000000000_PRE_1999 |7 0 |8 A |9 337890 |a FDOPOS |b FDOPOS |d 2019-11-20 |i 4012666 |o 372.4 PRE 1999 |p 4012666 |r 2025-01-22 |w 2019-11-20 |y BK |k MLA | ||
| 952 | |0 0 |1 0 |4 0 |6 372_400000000000000_PRE_1999 |7 0 |8 A |9 337891 |a FDOPOS |b FDOPOS |d 2019-11-20 |i 4005554 |o 372.4 PRE 1999 |p 4005554 |r 2025-01-22 |w 2019-11-20 |y BK |k MLA | ||